Fotoelasticimetrické meranie a numerický výpočet koeficientu koncentrácie napätia

Uložené v:
Podrobná bibliografia
Hlavný autor: Gschwandtner, Libor, 1987- (Autor)
Ďalší autori: Hučko, Branislav, 1961- (Vedúci práce)
Médium: Rukopis Kniha
Jazyk:Slovak
Vydavateľské údaje: Bratislava : STU v Bratislave SjF, 2013
Predmet:
On-line prístup:VAIS
Tagy: Pridať tag
Žiadne tagy, Buďte prvý, kto otaguje tento záznam!

MARC

LEADER 00000ntm a22000003a 4500
001 stu286888
005 20150617230255.3
008 140321s2013----xo------------------slo-d
040 |a STU  |b slo 
041 0 |a slo 
044 |a xo 
100 1 |a Gschwandtner, Libor,  |d 1987-  |4 aut  |u J  |T SjF Strojnícka fakulta  |X 57898  |U J  |Y 20  |7 A000057898 
245 1 |a Fotoelasticimetrické meranie a numerický výpočet koeficientu koncentrácie napätia 
260 |a Bratislava :  |b STU v Bratislave SjF,  |c 2013 
650 7 |a aplikovaná mechanika  |2 stusub 
650 7 |a Applied Mechanics  |2 estusub 
650 7 |a finite element method  |2 estusub 
650 7 |a metóda konečných prvkov  |2 stusub 
700 1 |a Hučko, Branislav,  |d 1961-  |4 ths  |u J0010  |U SjF Strojnícka fakulta  |T SjF Ústav aplikovanej mechaniky a mechatroniky  |X 2025  |U J0010  |Y 801  |7 2025 
856 4 |a info a plný text  |u http://is.stuba.sk/zp/portal_zp.pl?podrobnosti=95169  |3 VAIS